| 000 | 00444nam a2200145Ia 4500 | ||
|---|---|---|---|
| 008 | 230917s9999||||xx |||||||||||||| ||und|| | ||
| 040 |
_e203391 _aMAIN |
||
| 041 | _aEnglish | ||
| 082 | _a338.4791 B867B | ||
| 100 | _aBuhalis, Dimitrios, ed. | ||
| 245 | 0 | _aBest practice in accessible tourism: Inclusion, disability, ageing population and tourism | |
| 260 |
_aBristol _bChannel View Publications _c2012 |
||
| 300 | _axxv, 379 p. | ||
| 942 | _cBK | ||
| 999 |
_c173659 _d173659 |
||